000
00479nam a2200169Ia 4500
008
090711s9999 xx 000 0 und d
082
_b
63758
100
_a
काशीकर एस. एम.
245
_a
राहु - केतु
260
_c
1989
300
_a
184
600
_a
काशीकर एस. एम.
630
_a
राहु - केतु
700
_a
काशीकर एस. एम.
730
_a
राहु - केतु
942
_c
BOOK
999
_c
298015
_d
298015